书目信息 |
| 题名: |
MATLAB仿真技术与应用教程
|
|
| 作者: | 钟麟 , 王峰 主编 | |
| 分册: | ||
| 出版信息: | 北京 国防工业出版社 2004.1 |
|
| 页数: | 340页 | |
| 开本: | 26cm | |
| 丛书名: | ||
| 单 册: | ||
| 中图分类: | TP312MA , TP391.9 | |
| 科图分类: | ||
| 主题词: | 算法语言--suan fa yu yan , 系统仿真--xi tong fang zhen , 算法语言--suan fa yu yan--应用--系统仿真--教材 | |
| 电子资源: | ||
| ISBN: | 7-118-03347-2 | |
| 000 | 01041nam0 2200289 45 | |
| 001 | 012004112681 | |
| 005 | 20061226103007.92 | |
| 010 | @a7-118-03347-2@dCNY30.00 | |
| 100 | @a20040526d2004 em y0chiy0121 ea | |
| 101 | 0 | @achi |
| 102 | @aCN@b110000 | |
| 105 | @ay z 000yy | |
| 200 | 1 | @aMATLAB仿真技术与应用教程@AMATLAB fang zhen ji shu yu ying yong jiao cheng@f钟麟, 王峰主编 |
| 210 | @a北京@c国防工业出版社@d2004.1 | |
| 215 | @a340页@d26cm | |
| 330 | @a本书通过大量实例介绍了如何使用MATLAB实现对电子线路、数字电路、数字信号处理、数字通信的仿真及其方法和技巧等内容。 | |
| 333 | @a阅读对象: 各高等院校的电子工程、通信工程、住处工程等专业的高年级本科生、研究生或相关的工程技术人员 | |
| 606 | 0 | @a算法语言@Asuan fa yu yan |
| 606 | 0 | @a系统仿真@Axi tong fang zhen |
| 606 | 0 | @a算法语言@Asuan fa yu yan@x应用@x系统仿真@j教材 |
| 610 | 0 | @aMATLAB |
| 690 | @aTP312MA@v4 | |
| 690 | @aTP391.9@v4 | |
| 701 | 0 | @a钟麟@Azhong lin@4主编 |
| 701 | 0 | @a王峰@Awang feng@4主编 |
| 801 | 0 | @aCN@c20061226 |
| 905 | @a10447@dTP391.9@eZ730 | |
| MATLAB仿真技术与应用教程/钟麟, 王峰主编.-北京:国防工业出版社,2004.1 |
| 340页;26cm |
| 使用对象:阅读对象: 各高等院校的电子工程、通信工程、住处工程等专业的高年级本科生、研究生或相关的工程技术人员 |
| ISBN 7-118-03347-2:CNY30.00 |
| 本书通过大量实例介绍了如何使用MATLAB实现对电子线路、数字电路、数字信号处理、数字通信的仿真及其方法和技巧等内容。 |
| ● |
| 相关链接 |
|
|
|
正题名:MATLAB仿真技术与应用教程
索取号:TP391.9/Z730
 
预约/预借
| 序号 | 登录号 | 条形码 | 馆藏地/架位号 | 状态 | 备注 |
| 1 | 641310 | 206413102 | 期刊室512/301自科库 113排2列6层/ [索取号:TP391.9/Z730] | 在馆 | |
| 2 | 641311 | 206413111 | 期刊室512/301自科库 113排2列6层/ [索取号:TP391.9/Z730] | 在馆 | |
| 3 | 641312 | 206413120 | 自科库301/301自科库 107排1列4层/ [索取号:TP391.9/Z730] | 在馆 |